Basic Documents on Human Rights / (Record no. 119)

MARC details
000 -LEADER
fixed length control field 00601cam a2200217 4500
003 - CONTROL NUMBER IDENTIFIER
control field OSt
005 - DATE AND TIME OF LATEST TRANSACTION
control field 20171019185215.0
008 - FIXED-LENGTH DATA ELEMENTS--GENERAL INFORMATION
fixed length control field 710901s1971 enk 001 0 eng
010 ## - LIBRARY OF CONGRESS CONTROL NUMBER
LC control number 79027725
020 ## - INTERNATIONAL STANDARD BOOK NUMBER
International Standard Book Number 0198760183
040 ## - CATALOGING SOURCE
Original cataloging agency DLC
Transcribing agency DLC
Modifying agency DLC
082 00 - DEWEY DECIMAL CLASSIFICATION NUMBER
Classification number 341.481
Edition number 22
Item number BAS
245 00 - TITLE STATEMENT
Title Basic Documents on Human Rights /
Statement of responsibility, etc edited by Ian Brownlie.
260 ## - PUBLICATION, DISTRIBUTION, ETC. (IMPRINT)
Place of publication, distribution, etc Oxford [England] :
Name of publisher, distributor, etc Clarendon Press,
Date of publication, distribution, etc 1971.
300 ## - PHYSICAL DESCRIPTION
Extent x, 531 p. ;
Dimensions 21 cm.
500 ## - GENERAL NOTE
General note Includes index.
650 #0 - SUBJECT ADDED ENTRY--TOPICAL TERM
Topical term or geographic name as entry element Civil rights.
9 (RLIN) 319
650 #0 - SUBJECT ADDED ENTRY--TOPICAL TERM
Topical term or geographic name as entry element Human rights.
9 (RLIN) 259
700 1# - ADDED ENTRY--PERSONAL NAME
Personal name Brownlie, Ian.
9 (RLIN) 253
942 ## - ADDED ENTRY ELEMENTS (KOHA)
Source of classification or shelving scheme Dewey Decimal Classification
Koha item type Books
Holdings
Withdrawn status Lost status Source of classification or shelving scheme Damaged status Not for loan Home library Current library Shelving location Date acquired Total Checkouts Full call number Barcode Date last seen Price effective from Koha item type
    Dewey Decimal Classification     Law Development Centre Main Library Law Development Centre Main Library Text Books and Laws 04/08/2011   341.481 BAS 72/365 04/08/2011 04/08/2011 Books